La Gulf+Western en República Dominicana /
Guardat en:
| Autor principal: | |
|---|---|
| Altres autors: | |
| Format: | Text |
| Publicat: |
Santo Domingo:
Universidad Autónoma de Santo Domingo
|
| Etiquetes: |
Afegir etiqueta
Sense etiquetes, Sigues el primer a etiquetar aquest registre!
|
MARC
| LEADER | 00000 a a2200000 04500 | ||
|---|---|---|---|
| 001 | 25164 | ||
| 003 | |||
| 040 | |||
| 090 | |a 178400 | ||
| 100 | |a Castillo, José del | ||
| 245 | |a La Gulf+Western en República Dominicana / |c José del Castillo | ||
| 260 | |a Santo Domingo: |b Universidad Autónoma de Santo Domingo | ||
| 300 | |a 316 p. |b **no definido** |b il. | ||
| 700 | |a Cocco, Miguel |a Cordero, Walter |a Puig, Max |a Fernández, Otto |a Lozano, Wilfredo | ||
| 999 | |c 10349 |d 10349 | ||
